| 000 | 00488cam a2200193ua 4500 | ||
|---|---|---|---|
| 001 | 5105 | ||
| 008 | 120301n ii |||gr||||Z||||||eng | ||
| 020 | _a81-86423-27-3 | ||
| 040 | _cMAIN | ||
| 082 | _a823 | ||
| 100 |
_aDickens, Charles, _eAuthor., |
||
| 245 | 1 | 1 |
_aHard times _cby Charles Dickens |
| 250 | _a1st. | ||
| 260 |
_aDelhi: _bWorld view critical editons, _c2005. |
||
| 300 |
_a365p: _c23cm. |
||
| 653 | _aEnglish fiction | ||
| 700 |
_aWilliams, Mukesh, _eEditor., |
||
| 942 | _cBK | ||
| 999 |
_c4289 _d4289 |
||